Logo BPK

Biblioteka

Politechniki Koszalińskiej

Warunki techniczne jakim powinny odpowiadać budynki i ich usytuowanie : (Rekord nr 33595)

Szczegóły MARC
000 -ETYKIETA REKORDU
podpole kontrolne o stałej długości 00857nam a2200205 i 4500
001 - NUMER KONTROLNY REKORDU
pole kontrolne bg
020 ## - MIĘDZYNARODOWY ZNORMALIZOWANY NUMER KSIĄŻKI - ISBN
ISBN 83902872
040 ## - ŹRÓDŁO KATALOGOWANIA
Instytucja, która utworzyła rekord BPK
041 0# - KOD JĘZYKA
Kod języka tekstu pl
080 ## - UNIWERSALNA KLASYFIKACJA DZIESIĘTNA - UKD
UKD 349.442:69.001.3](438)
920 ## - Międzynarodowy znormalizowany numer książki – ISBN
ISBN 83-902872
008 - POLE O STAŁEJ DŁUGOŚCI - DANE KONTROLNE
podpole kontrolne o stałej długości s pl f |000 0 pol
245 #0 - TYTUŁ/ODPOWIEDZIALNOŚĆ
Tytuł Warunki techniczne jakim powinny odpowiadać budynki i ich usytuowanie :
Ciąg dalszy tytułu znowelizowany tekst rozporządzenia, komentarz do zmian w przepisach rozporządzenia, przepisy prawne związane z rozporządzeniem, obowiązujące polskie normy, skorowidz tematyczny /
Pozostałe elementy strefy tytułu i oznaczenia odpowiedzialności [aut. projektu rozporządzenia i komentarzy Andrzej Boczkowski et al.].
260 ## - STREFA ADRESU WYDAWNICZEGO
Miejsce wydania Warszawa :
Nazwa wydawcy/dystrybutora Cobo-Profil,
Data publikacji, dystrybucji/powstania dokumentu [1998].
300 ## - STREFA OPISU FIZYCZNEGO
Objętość 292 s. ;
Rozmiary 24 cm.
504 ## - UWAGA DOTYCZĄCA BIBLIOGRAFII
Informacje o bibliografii Wykaz polskich norm s. 267-275. - Indeks.
650 #9 - HASŁO PRZEDMIOTOWE W FORMIE NAZWY OGÓLNEJ LUB JEDNOSTKOWEJ
Nazwa ogólna lub geograficzna Budownictwo
Określnik ogólny prawo
Określnik geograficzny Polska
Określnik chronologiczny stan na 1997 r.
700 1# - HASŁO DODATKOWE - NAZWA OSOBOWA
Nazwa osobowa BOCZKOWSKI, Andrzej.
856 ## - LOKALIZACJA I DOSTĘP DO ELEKTRONICZNYCH DOKUMENTÓW ZDALNYCH
Link (URL) http://koha.tu.koszalin.pl/cgi-bin/koha/opac-detail.pl?biblionumber=33595
Tekst linku Katalog online BPK
942 ## - DODATKOWE ELEMENTY (KOHA)
Typ dokumentu Książka
Egzemplarze
Wycofany Status egzemplarza Uszkodzony Dostępność Lokalizacja stała Lokalizacja bieżąca Miejsce przechowywania Sygnatura Kod kreskowy Dział Typ dokumentu Ostatnio wypożyczono
      Tylko na miejscu Biblioteka Politechniki Koszalińskiej Biblioteka Politechniki Koszalińskiej Czytelnia BG 44209 01348811 349.44 Prawo budowlane Książka  
      Dostępny Biblioteka Politechniki Koszalińskiej Biblioteka Politechniki Koszalińskiej Wypożyczalnia BG 44210 01348804   Książka 29.05.2020
© 2023 Biblioteka Politechniki Koszalińskiej :: KOHA